top 25 nba players of 2017-2018 - Statistics

General Stats
  • This quiz has been taken 218 times
  • The average score is 10 of 28
Answer Stats
team Answer % Correct
cavs lebron james
98%
warriors kevin durant
89%
warriors stephen curry
82%
rockets james harden
49%
trail blazers damian lillard
48%
suns devin booker
48%
thunder paul george
48%
wolves karl anthony towns
47%
wizards john wall
42%
thunder russel westbrook
42%
bucks giannis antetokounmpo
40%
rockets chris paul
37%
76ers ben simmons
36%
warriors klay thompson
36%
pacers victor oladipo
36%
pelicans anthony davis
31%
celtics gordon hayward
29%
celtics isiah thomas
29%
rockets carmelo anthony
25%
pacers myles turner
22%
wolves andrew wiggins
20%
nets dangelo russel
18%
kings de aaron fox
4%
knicks kristops porzingis
2%
cavs kyle korver
2%
76ers markell fultz
1%
jazz derrek favors
0%
hawks jeff teague (before signing with pacers)
0%
No matching quizzes found
Score Distribution
Percent of People with Each Score
Percentile by Number Answered
Your Score History
You have not taken this quiz